Proceedings /
Guardado en:
| Autores Corporativos: | , |
|---|---|
| Formato: | Libro |
| Idioma: | English |
| Publicado: |
Los Alamitos, Calif. :
IEEE Computer Society Press,
c1992.
|
| Etiquetas: |
Agregar Etiqueta
Sin Etiquetas, Sea el primero en etiquetar este registro!
|
| LEADER | 00984nam a22001935a 4500 | ||
|---|---|---|---|
| 001 | MAT.inmabb004162 | ||
| 008 | 070213s1992####caua#####b####101#0#eng#d | ||
| 005 | 20160519151433.0 | ||
| 245 | 1 | 0 | |a Proceedings / |c 33rd Annual Symposium on Foundations of Computer Science, October 24-27, 1992, Pittsburgh, Pennsylvania ; sponsored by IEEE Computer Society Technical Committee on Mathematical Foundations of Computing. |
| 260 | |a Los Alamitos, Calif. : |b IEEE Computer Society Press, |c c1992. | ||
| 300 | |a xi, 734 p. : |b il. ; |c 28 cm. | ||
| 504 | |a Incluye referencias bibliográficas e índice de autores. | ||
| 020 | |a 0818629002 | ||
| 022 | |a 0272-5428 | ||
| 111 | 2 | |a Annual symposium on foundations of computer science |n (33º : |d 1992 : |c Pittsburgh, Pennsylvania) | |
| 710 | 2 | |a IEEE Computer Society. |b Technical Committee on Mathematical Foundations of Computing. | |
| 246 | 1 | 8 | |a 33rd Symposium on Foundations of Computer Science |
| 084 | |a 68-06 |2 msc2000 | ||
| 859 | |h 68 |i An615-33 |p A-7242 |b BIB. MATEMATICA | ||
